مكتبة جامعة عجلون الوطنية

فهرس بحث المكتبة

Normal view MARC view
  • تأليف: القرطبي، ابي عمر يوسف بن عبدالله بن محمد بن عبدالبر النمري؛ تحقيق: محمد مرسي الخولي

Entry Personal Name

Number of records used in: 1

001 - CONTROL NUMBER

  • control field: 59134

003 - CONTROL NUMBER IDENTIFIER

  • control field: JO-AjAnu

005 - DATE AND TIME OF LATEST TRANSACTION

  • control field: 20230606083655.0

008 - FIXED-LENGTH DATA ELEMENTS

  • fixed length control field: 230606|| aca||aabn | a|a d

040 ## - CATALOGING SOURCE

  • Original cataloging agency: JO-AjAnu
  • Transcribing agency: JO-AjAnu

100 ## - HEADING--PERSONAL NAME

  • Personal name: تأليف: القرطبي، ابي عمر يوسف بن عبدالله بن محمد بن عبدالبر النمري؛ تحقيق: محمد مرسي الخولي

670 ## - SOURCE DATA FOUND

  • Source citation: Work cat.: (JO-AjAnu)30163: تأليف: القرطبي، ابي عمر يوسف بن عبدالله بن محمد بن عبدالبر النمري؛ تحقيق: محمد مرسي الخولي, author, بهجة المجالس ،أنس المجالس وشحد الذاهن والهاجس، مج2 القسم الاول